000 03776nab a2200265 i 4500
003 BR-BrBNA
005 20260127100827.0
008 260127b2024 bl.ar|pooa||| 00| 0 eng |
040 _aBR-BrBNA
_beng
072 _aF50
_b3200
072 _aF63
072 _aF70
100 _aSilva, Roberta Maidana da
100 _aOliveira, João Marcelo Santos de
245 _aOccurrence of parietal and invasive tapetum in Dyckia strehliana (Bromeliaceae): first report for the family
500 _aPublicação on-line; 33 ref.; 3 illus.; Summaries (En, Pt)
520 _a Abstract Tapetal tissue plays essential roles in the formation of generative cells, as it is related to their nutrition and development in anthers. Among the few species of Bromeliaceae for which tapetal tissue has been describe, most have a secretory tapetum and one has an invasive tapetum. This study analyzed the developmental stages of the anthers of Dyckia strehliana, with emphasis on the tapetum, to identify variability in development and structure. Botanical material was collected on the banks of the Toropi River in the state of Rio Grande do Sul, Brazil, and processed using standard plant micro-techniques. During meiosis prophase, tapetal cells of some samples remained parietal while in the others, a proportional number, the invasion of the locular space begins, culminating in total invasion during the free microspore phase and without fusion of the protoplasts. Tapetal degeneration is complete before gametogenesis begins in both types. Thus, it is possible to describe two modes of development and tapetal structure, one parietal and one invasive, although the tapetum remains as a general secretory type in both cases. Thus, according to present work, the terms invasive and parietal are indicators of states of the secretory tapetum. Key words: anther, Bromeliaceae, invasive tapetum, parietal tapetum, sporangium development. Resumo O tecido tapetal apresenta funções essenciais na formação de células generativas, pois está relacionado a nutrição e desenvolvimento destas nas anteras. Em Bromeliaceae, dentre as poucas espécies descritas, a maioria possui tapete secretor e uma espécie possui tapete invasivo. Neste estudo foram realizadas análises de fases do desenvolvimento de anteras com ênfase ao tapete em Dyckia strehliana com o objetivo de identificar variabilidade em desenvolvimento e estrutura. O material botânico foi coletado as margens do rio Toropi, Rio Grande do Sul, e processados por meio de microtécnica vegetal. Durante a prófase da meiose, as células tapetais de algumas amostras permaneceram parietais enquanto em outras, em número proporcional, inicia-se a invasão no espaço locular, culminando com invasão total durante a fase de micrósporos livres e sem fusão dos protoplastos. A degeneração tapetal está completa antes do início da gametogênese em ambos os tipos. Assim, é possível descrever dois modos de desenvolvimento e estrutura tapetal, um parietal e outro invasivo, embora o tapete permaneça como um tipo secretor geral em ambos os casos. Assim, de acordo com o presente trabalho, os termos invasivo e parietal são indicadores de estados do tapete secretor. Palavras-chave: antera, Bromeliaceae, tapete invasivo, tapete parietal, desenvolvimento do esporângio.
650 _aANTERA
650 _aBROMELIACEAE
650 _aCITOLOGIA
773 0 _0709
_9359346
_dRio de Janeiro-RJ Jardim Botanico do Rio de Janeiro 1935
_o2025-7320
_tRodriguésia (Brazil)
_x0370-6583; 2175-7860 on-line
_gv. 75 p. 1-9; (2024)
_wBR2025007443
856 _uhttps://www.scielo.br/j/rod/a/rhQyv6KLV3cQh4WTb5zNRPK/?format=pdf&lang=en
942 _cANA
999 _c339924
_d339924